Phương pháp khối hữu hạn ứng dụng trong các bài toán thủy khí động lực

Gespeichert in:
Bibliographische Detailangaben
1. Verfasser: Nguyễn Thanh Nam
Format: Buch
Sprache:Undetermined
Veröffentlicht: Hà Nội KHKT 2000
Schlagworte:
Tags: Tag hinzufügen
Keine Tags, Fügen Sie den ersten Tag hinzu!
Thư viện lưu trữ: Trung tâm Học liệu Trường Đại học Cần Thơ
LEADER 00573nam a2200169Ia 4500
001 CTU_40489
008 210402s9999 xx 000 0 und d
082 |a 620.106 
082 |b N104 
100 |a Nguyễn Thanh Nam 
245 0 |a Phương pháp khối hữu hạn ứng dụng trong các bài toán thủy khí động lực 
245 0 |c Nguyễn Thanh Nam, Hoàng Đức Liên 
260 |a Hà Nội 
260 |b KHKT 
260 |c 2000 
650 |a fluid dynamics,hydromechanics 
980 |a Trung tâm Học liệu Trường Đại học Cần Thơ